000 00806nam a2200217Ii 4500
003 JO-AjNU
008 230605s9999||||xx |||||||||||||| ||und||
020 _a978- 614801731- 5
040 _aJO-AjNU
_bara
_erda
_cJO-AjNU
041 _aara
050 1 4 _aHF5823.Z83 2016
100 3 _aالزعبي، علي فلاح مفلح,
_eauthor
_959274
245 0 0 _aالإعلان الإلكتروني: منطلقات نظرية وتطبيقات عملية =Electronic Advertising
250 _aط1
264 3 1 _aالامارات: دار الكتاب الجامعي، 2016
300 _a541ص
_bيحتوي على ملاحق من ص 529- 541
336 _atext
_btxt
_2rdacontent
337 _aunmediated
_bn
_2rdamedia
338 _avolume
_bnc
_2rdacarrier
650 4 _aالإعلان الكتروني
_959275
999 _aA26665
_c30233
_d30233